| 000 | 00648nam a2200217Ia 4500 | ||
|---|---|---|---|
| 003 | GCL | ||
| 008 | 140319s9999 xx 000 0 ara d | ||
| 040 |
_aGCL / _cGCL |
||
| 082 | 0 | 4 |
_a843.01 _bد ق |
| 100 | 1 | _aمحمد السباعى | |
| 245 | 1 | 0 |
_aقصص فرنسية / _cمحمد السباعى |
| 700 | 1 | _aدوموباسان، جردنى | |
| 700 | 1 | _aفرانس، اناطول | |
| 700 | 1 | _aبلزاك | |
| 300 | _a204 | ||
| 490 |
_a100 قصة _v0 |
||
| 650 | 0 | 4 | _aالادب الفرنسى المترجم |
| 650 | 0 | 4 | _aالادب العربى المترجم |
| 650 | 0 | 4 | _aالقصص الفرنسية القصيرة |
| 942 |
_2ddc _cBK |
||
| 999 |
_c44291 _d44291 |
||